| Tag |
First Indicator |
Second Indicator |
Subfields |
| LEADER |
00000cam a2200000 a 4500 |
| 001 |
in00000017464 |
| 005 |
20151007053552.0 |
| 008 |
870702s1988 maua b 00110 eng |
| 010 |
|
|
|a 87018709
|
| 020 |
|
|
|a 0121663604
|
| 035 |
|
|
|a (OCoLC)16225420
|
| 035 |
|
|
|9 AAB2099AM
|
| 040 |
|
|
|a DLC
|c DLC
|d TXA
|d UtOrBLW
|
| 049 |
|
|
|a TXAM
|c [A11465969]
|
| 050 |
0 |
0 |
|a TK5103.59
|b .C465 1988
|
| 082 |
0 |
|
|a 621.38/0414
|2 19
|
| 100 |
1 |
|
|a Chaffee, C. David.
|
| 245 |
1 |
4 |
|a The rewiring of America :
|b the fiber optics revolution /
|c C. David Chaffee.
|
| 264 |
|
1 |
|a Boston :
|b Academic Press,
|c [1988]
|
| 264 |
|
4 |
|c ©1988
|
| 300 |
|
|
|a xii, 241 pages :
|b illustrations ;
|c 24 cm.
|
| 336 |
|
|
|a text
|b txt
|2 rdacontent
|
| 337 |
|
|
|a unmediated
|b n
|2 rdamedia
|
| 338 |
|
|
|a volume
|b nc
|2 rdacarrier
|
| 504 |
|
|
|a Includes bibliographical references and index.
|
| 650 |
|
0 |
|a Optical communications.
|
| 650 |
|
0 |
|a Fiber optics.
|
| 999 |
|
|
|a MARS
|
| 999 |
f |
f |
|s d8763b35-9c06-3c0b-9856-6134f3828df9
|i d75679ae-022f-337d-bea4-203a670a24b5
|t 0
|
| 952 |
f |
f |
|p ric
|a Texas A&M University
|b Rellis Campus
|c Joint Library Facility
|d Remote Storage
|t 0
|e TK5103.59 .C465 1988
|h Library of Congress classification
|i unmediated -- volume
|m A14811465969
|
| 998 |
f |
f |
|a TK5103.59 .C465 1988
|t 0
|l Remote Storage
|